NFL QB Interception Leaders - Statistics

General Stats
  • This quiz has been taken 46 times
    5 since last reset
  • The average score is 57 of 73
Answer Stats
Year Team Answer % Correct
2024 Buccaneers Baker Mayfield
100%
2018 Steelers Ben Roethlisberger
100%
2006 Steelers Ben Roethlisberger
100%
1990 Bengals Boomer Esiason
100%
2008 Jets Brett Favre
100%
2005 Packers Brett Favre
100%
1993 Packers Brett Favre
100%
2007 Bengals Carson Palmer
100%
2020 Eagles Carson Wentz
100%
2022 Cowboys Dak Prescott
100%
1989 Dolphins Dan Marino
100%
2002 Vikings Daunte Culpepper
100%
1994 Patriots Drew Bledsoe
100%
2012 Saints Drew Brees
100%
2013 Giants Eli Manning
100%
2010 Giants Eli Manning
100%
2007 Giants Eli Manning
100%
1978 Vikings Fran Tarkenton
100%
2025 Raiders Geno Smith
100%
2019 Buccaneers Jameis Winston
100%
2014 Bears Jay Cutler
100%
2009 Bears Jay Cutler
100%
1992 Bills Jim Kelly
100%
1975 Jets Joe Namath
100%
1974 Jets Joe Namath
100%
2004 Broncos Kerry Collins
100%
1997 Panthers Kerry Collins
100%
1998 Colts Peyton Manning
100%
2016 Chargers Phillip Rivers
100%
2014 Chargers Phillip Rivers
100%
1970 Steelers Terry Bradshaw
100%
2012 Cowboys Tony Romo
100%
2021 Jaguars Trevor Lawrence
100%
2004 Cowboys Vinny Testaverde
100%
2000 Jets Vinny Testaverde
100%
1989 Buccaneers Vinny Testaverde
100%
1988 Buccaneers Vinny Testaverde
100%
1991 Oilers Warren Moon
100%
1986 Oilers Warren Moon
100%
2015 Jaguars Blake Bortles
75%
1995 Cardinals Dave Krieg
75%
1984 Seahawks Dave Krieg
75%
2017 Browns DeShone Kizer
75%
2020 Broncos Drew Lock
75%
2004 Raiders Jake Plummer
75%
1999 Cardinals Jake Plummer
75%
1976 Seahawks Jim Zorn
75%
2003 Lions Joey Harrington
75%
2007 Lions Jon Kitna
75%
2024 Falcons Kirk Cousins
75%
1983 Packers Lynn Dickey
75%
2003 Rams Marc Bulger
75%
2021 Rams Matthew Stafford
75%
2011 Bills Ryan Fitzpatrick
75%
1985 Vikings Tommy Kramer
75%
2001 Chiefs Trent Green
75%
1981 Browns Brian Sipe
50%
1979 Browns Brian Sipe
50%
1974 Patriots Jim Plunkett
50%
1982 Bills Joe Ferguson
50%
1977 Bills Joe Ferguson
50%
1968 49ers John Brodie
50%
1972 Chargers John Hadl
50%
1980 Jets Richard Todd
50%
2023 Commanders Sam Howell
50%
1996 Falcons Bobby Hebert
25%
1987 Lions Chuck Long
25%
2022 Texans Davis Mills
25%
1967 Cardinals Jim Hart
25%
1971 Bills Dennis Shaw
0%
1973 Giants Norm Snead
0%
1969 Eagles Norm Snead
0%
1968 Eagles Norm Snead
0%
No matching quizzes found
Score Distribution
Percent of People with Each Score
Percentile by Number Answered
Your Score History
You have not taken this quiz since the last reset